Tuiles aléatoires sur Pokémon - Statistiques

Statistiques générales
  • Ce quiz a été pris 218 fois
    137 depuis la dernière actualisation
  • Le résultat moyen est 38 sur 45
Statistiques - réponses
Question Tuile Select % Correct
Appuyez sur les pokemon possédant une méga évolution Dracaufeu Oui
99%
Appuyez sur les pokemon possédant une méga évolution Fragilady Non
99%
Appuyez sur les pokemon possédant une méga évolution Manternel Non
99%
Appuyez sur les pokemon possédant une méga évolution Galopa Non
98%
Appuyez sur les pokemon possédant une méga évolution Tortank Oui
98%
Appuyer sur les pokemon ayant une forme régionalle Manternel Non
97%
Appuyer sur les pokemon ayant une forme régionalle Salamèche Non
97%
Appuyez sur les pokemon possédant une méga évolution Mewtwo Oui
96%
Appuyer sur les pokemon ayant une forme régionalle Noadkoko Oui
96%
Appuyez sur LE pokemon ne possedant pas de forme Gigamax Dracaufeu Non
94%
Appuyez sur LE pokemon ne possedant pas de forme Gigamax Florizarre Non
94%
Appuyez sur LE pokemon ne possedant pas de forme Gigamax Tortank Non
94%
Appuyer sur les pokemon ayant une forme régionalle Caninos Oui
93%
Appuyez sur LE pokemon ne possedant pas de forme Gigamax Charmilly Non
93%
Appuyez sur LE pokemon ne possedant pas de forme Gigamax Ectoplasma Non
93%
Appuyer sur les pokemon ayant une forme régionalle Charmilly Non
92%
Appuyez sur LE pokemon ne possedant pas de forme Gigamax Ronflex Non
92%
Appuyez sur les pokemon de base Salamèche Oui
91%
Appuyer sur les pokemon ayant une forme régionalle Voltorbe Oui
91%
Appuyez sur les pokemon de base Fragilady Non
90%
Appuyez sur les pokemon de base Manternel Non
89%
Appuyez sur LE pokemon ne possedant pas de forme Gigamax Pikachu Non
89%
Appuyez sur les pokemon possédant une méga évolution Bulbizarre Non
87%
Appuyez sur les doubles types jamais réalisés Eau / Plante Non
87%
Appuyez sur LE pokemon ne possedant pas de forme Gigamax Loklass Non
87%
Appuyez sur les pokemon de base Prinplouf Non
86%
Appuyez sur les pokemon possédant une méga évolution Diancie Oui
85%
Appuyez sur les pokemon de base Vipélière Oui
85%
Appuyez sur les pokemon de base Darumacho Non
84%
Appuyer sur les pokemon ayant une forme régionalle Tutafeh Oui
82%
Appuyez sur les pokemon de base Charmilly Non
81%
Appuyez sur les doubles types jamais réalisés Normal / Fée Non
81%
Appuyez sur les pokemon de base Guikui Oui
79%
Appuyez sur les pokemon possédant une méga évolution Nanméouie Oui
79%
Appuyez sur LE pokemon ne possedant pas de forme Gigamax Tauros Oui
79%
Appuyez sur les doubles types jamais réalisés Spectre / Normal Non
69%
Appuyez sur les doubles types jamais réalisés Fée / Poison Non
67%
Appuyez sur les doubles types jamais réalisés Acier / Normal Oui
66%
Appuyer sur les pokemon ayant une forme régionalle Fragilady Oui
64%
Appuyez sur les doubles types jamais réalisés Glace / Normal Oui
63%
Appuyez sur les doubles types jamais réalisés Fée / Sol Oui
60%
Appuyer sur les pokemon ayant une forme régionalle Osselait Non
60%
Appuyez sur les pokemon de base Pikachu Non
60%
Appuyez sur les doubles types jamais réalisés Feu / Fée Oui
58%
Appuyez sur les doubles types jamais réalisés Spectre / Roche Oui
43%
Aucun quiz correspondant
Distribution des résultats
% des personnes avec chaque résultat
Percentile par nombre de réponses
Votre historique - résultats
Vous n’avez pas pris ce quiz depuis la dernière actualisation